Ginny&Georgia - postacie - Statystyki

Ogólne statystyki
  • Ten quiz został rozwiązany 63 razy
  • Średni wynik to 10 z 26
Statystyki odpowiedzi
# Odpowiedź % Poprawnych
Georgia
98%
. Ginny
98%
Marcus
82%
Abby
76%
Austin
67%
Paul
67%
Maxine
55%
Zion
51%
Joe
49%
Norah
49%
Hunter
47%
Cynthia
41%
Gil
37%
Ellen
29%
Zach
22%
Nick
18%
Padma
16%
Sophie
16%
Bracia
14%
Jordan
12%
Press
10%
Silver
8%
Simone
6%
Dr Lily
4%
Bryon
2%
Mr Gitten
0%
Nie znaleziono quizów pasujących do podanych kryteriów
Rozkład punktacji
Procent ludzi z każdym wynikiem
Percentyl według liczby udzielonych odpowiedzi
Twoja historia wyników
Nie rozwiązałeś tego quizu